000 01512nam0a2200397 4500
001 RU\NLR\BIBL_A\011651871
005 20180409133916.0
010 _a978-5-00073-530-5
_9300
021 _aRU
_bКН-П-18-007092
_9КН-П-18-0484
035 _a(NLR Aleph) 011651871
035 _a(RuMoRGB)009530137
090 _a11132279
_c11132279
100 _a20180305d2017 u y0rusy50 ca
101 0 _arus
102 _aRU
105 _aa|||z|||000ay
200 1 _aСказка о цифрах
_f[Костоусова Е. В.
_gхудожник: Алиса Дьяченко]
210 _aНовокузнецк
_cСоюз писателей
_d2017
215 _a86 с.
_cцв. ил.
_d29
225 1 _aЯ люблю математику!
300 _aАвт. указан на обороте тит. л.
300 _aНа обл. авт.: Е.К.
333 _a0+
610 0 _aобучение счету
610 0 _aматематика для дошкольников
686 _aШ9(2)6=Р70-2
_2rubbk
686 _aШ9(2)6=Р70-7
_2rubbk
686 0 _aШ9(2)60=Р7-2
700 1 _aКостоусова
_bЕ. В.
_cписатель, актриса
_f1977-
_gЕлена Викторовна
_3RU\NLR\AUTH\770186928
702 1 _aДьяченко
_bА. А.
_f1994-
_gАлиса Александровна
_3RU\NLR\AUTH\770141031
_4040
942 _cBOOK
980 _aNBR
980 _aNB